000 00644nam a22002297a 4500
003 UA-OsUOA
001 98922
007 ta
008 20130422b un ||||| |||| 00| 0 ukr d
100 _aСеменихин Г. А.
090 _a821.161.1
_bС30
942 _cBK
040 _aUA-OsUOA
_brus
_cUA-OsUOA
_dUA-OsUOA
245 _aКосмонавты живут на земле
_bроман-дилогия
300 _a637 с.
955 _a3
041 _arus
080 _a821.161.1
260 _aМ.
_bВоениздат
_c1976
246 3 1 _aкн. 1 и 2
_n
650 7 _a82 Література. Літературознавство
_2UDC
999 _c384853
_d384853